| 000 | 00521nam a22001577a 4500 | ||
|---|---|---|---|
| 003 | NUST | ||
| 082 | _a621 | ||
| 100 |
_aQureshi ,Mian Imran Ali _9121267 |
||
| 245 |
_aEnergy Analysis during Orthogonal Machining of Aluminum Alloys / _cMian Imran Ali Qureshi |
||
| 264 |
_aIslamabad : _bSMME- NUST; _c2018 |
||
| 300 |
_a62p. ; _bSoft Copy |
||
| 650 |
_aMS Mechanical Engineering _9119495 |
||
| 700 |
_aDr Mushtaq Khan _916155 |
||
| 856 | _uhttp://10.250.8.41:8080/xmlui/handle/123456789/13020 | ||
| 942 |
_2ddc _cTHE |
||
| 999 |
_c608112 _d608112 |
||